01127nam a2200193Ia 4500001001100000003001000011008004100021040002500062041001300087100001800100245007500118250001100193260005700204300001200261500026200273501011400535520026200649650002200911L900-39932IT-CnALBA170116s9999||||xx |||||||||||||| ||und|| aIT-CnALBAcIT-CnALBA aITALIANO aCANTU' CESARE 0aSTORIA UNIVERSALE. TOMO XIX. EPOCA XVIII. PARTE PRIMA. TEMPI MODERNI.  a3a ed. a TORINO.bPOMBA GIUSEPPE & C. c1847 [1° Ed.: n.d.] a767 p.  aRIVOLUZIONE FRANCESE. FRANCIA NAPOLEONE ED EUROPA. SPEDIZIONE IN RUSSIA. NAPOLEONE E L'ITALIA. CONGRESSO DI VIENNA. SANTA ALLEANZA. RESTAURAZIONE. I NEGRI. I PAPI. LIBERALISMO. CARBONARI. SOCIETÀ SEGRETE. TURCHIA E GRECIA. AMERICA. RESTAURAZIONE IN FRANCI aSocietà San Paolo EM - Piazza San Paolo, 14 - 12051 ALBA (CN) (non commercial uses only) ® Copyright 2017 aRIVOLUZIONE FRANCESE. FRANCIA NAPOLEONE ED EUROPA. SPEDIZIONE IN RUSSIA. NAPOLEONE E L'ITALIA. CONGRESSO DI VIENNA. SANTA ALLEANZA. RESTAURAZIONE. I NEGRI. I PAPI. LIBERALISMO. CARBONARI. SOCIETÀ SEGRETE. TURCHIA E GRECIA. AMERICA. RESTAURAZIONE IN FRANCI aSTORIA UNIVERSALE